Firefly Franchise - Statistics

General Stats
  • This quiz has been taken 9 times
  • The average score is 4 of 87
Answer Stats
Type Year Name Info % Correct
TV Show 2002-2003 Firefly FOX
100%
Comic Series 2018-Present Firefly Boom! Studios
100%
Board Game 2013 Firefly: The Game Gale Force Nine
100%
Film 2005 Serenity Universal
50%
Novel 2005 Serenity Keith R. A. DeCandido
50%
Essay 2004 Asian Objects in Space Leigh Adams Wright
0%
Essay 2007 A Tale of Two Heroes Shanna Swendson
0%
Novel 2018 Big Damn Hero Nancy Holder / James Lovegrove
0%
Essay 2007 Catching Up with the Future Orson Scott Card
0%
Essay 2004 Chinese Words in the 'Verse Kevin M. Sullivan
0%
Short Story 2010 Crystal Brett Matthews
0%
Essay 2007 Curse Your Sudden But Inevitable Betrayal Lani Diane Rich
0%
Essay 2007 Cut 'Em Off at the Horsehead Nebula! Bruce Bethke
0%
Documentary 2006 Done the Impossible: The Fans' Tale of 'Firefly' and 'Serenity' DTI
0%
Essay Collection 2004 Finding Serenity: Anti-Heroes, Lost Shepherds and Space Hookers in Joss Whedon's Firefly BenBella Books
0%
Omnibus 2012 Firefly: A Celebration Titan
0%
Board Game 2018 Firefly: Adventures Gale Force Nine
0%
Essay 2007 Firefly and Story Structure, Advanced Geoff Klock
0%
Companion Book 2020 Firefly Artbook: A Visual Celebration of Joss Whedon's Swashbuckling 'Verse Titan
0%
Companion Book 2017 Firefly: Back from the Black Titan
0%
Companion Book 2018 Firefly Encyclopedia Titan
0%
Video Game 2015 Firefly Online Quantum Mechanix
0%
Board Game 2014 Firefly Role-Playing Game Margaret Weis Productions, Ltd
0%
Companion Book 2010 Firefly: Still Flying Titan
0%
Card Game 2015 Firefly: Tall Card Toy Vault
0%
Companion Book 2019 Firefly - The Big Damn Cookbook Titan
0%
Companion Book 2016 Firefly: The Gorramn Shiniest Language Guide and Dictionary in the 'Verse Titan
0%
Companion Book 2006 Firefly: The Official Companion: Volume One Titan
0%
Companion Book 2007 Firefly: The Official Companion: Volume Two Titan
0%
Companion Book 2005 Firefly: The Official Visual Companion Titan
0%
Comic One-Shot 2019 Firefly: The Sting Boom! Studios
0%
Essay 2004 Firefly vs. the Tick Don DeBrandt
0%
Comic One-Shot 2020 Firefly: Watch How I Soar Boom! Studios
0%
Board Game 2015 Fistful of Credits Toy Vault
0%
Essay 2007 Freedom in an Unfree World P. Gardner Goldsmith
0%
Short Story 2010 Fun with Dick and Jayne Ben Edlund
0%
Essay 2007 Geeks of the World, Unite! You Have Nothing to Lose But Your Lovebots! Natasha Giardina
0%
Novel 2020 Generations Tim Lebbon
0%
Essay 2007 Girls, Guns, Gags Natalie Haynes
0%
Short Story 2020 Haven and Hell James Lovegrove
0%
Companion Book 2018 Hidden Universe Travel Guides: Firefly: A Traveller's Companion to the 'Verse Insight Editions
0%
Essay 2007 I, Malcolm Nathan Fillion
0%
Essay 2004 I Want Your Sex Nancy Holder
0%
Essay 2004 Just Shove Him in the Engine, or, The Role of Chivalry in Joss Whedon's Firefly John C. Wright
0%
Essay 2004 Kaylee Speaks: Jewel Staite on Firefly Jewel Staite
0%
Novel 2021 Life Signs James Lovegrove
0%
Essay 2004 Listening to Firefly Jennifer Goltz
0%
Novel 2019 Magnificent Nine James Lovegrove
0%
Essay 2007 Mal Contents Alex Bledsoe
0%
Essay 2007 Mars Needs Women Maggie Burns
0%
Essay 2004 Mirror/mirror: a Parody Roxanne Longstreet Conrad
0%
Essay 2004 More Than a Marriage of Convenience Michelle Sagara West
0%
Essay 2007 Mutant Enemy U Loni Peristere
0%
Comic Mini-Series 2016 No Power in the 'Verse Dark Horse Comics
0%
Card Game 2014 Out to the Black Toy Vault
0%
Essay 2007 River Tam and the Weaponized Women of the Whedonverse Michael Marano
0%
Essay 2004 Serenity and Bobby McGee Mercedes Lackey
0%
Comic Mini-Series 2008 Serenity: Better Days Dark Horse Comics
0%
Comic Short 2010 Serenity: Downtime Dark Horse Comics
0%
Comic Short 2012 Serenity: Firefly Class 03-K64 - It's Never Easy Dark Horse Comics
0%
Comic One-Shot 2010 Serenity: Float Out Dark Horse Comics
0%
Essay Collection 2007 Serenity Found: More Unauthorized Essays on Josh Whedon's Firefly Universe BenBella Books
0%
Comic Mini-Series 2014 Serenity: Leaves on the Wind Dark Horse Comics
0%
Board Game 2005 Serenity Role Playing Game Margaret Weis Productions, Ltd
0%
Comic One-Shot 2010 Serenity: The Shepherd's Tale Dark Horse Comics
0%
Comic Mini-Series 2005 Serenity: Those Left Behind Dark Horse Comics
0%
Essay 2007 Signal to Noise Jacob Clifton
0%
Essay 2004 Star Truck David Gerrold
0%
Short Story 2010 Take the Sky Jose Molina
0%
Essay 2004 "Thanks for the Re-Enactment, Sir." Tanya Huff
0%
Essay 2007 The Alliance's War on Science Ken Wharton
0%
Essay 2007 The Bonnie Brown Flag Evelyn Vaughn
0%
Essay 2004 The Captain May Wear the Tight Pants, But It's the Gals Who Make Serenity Roar Robert B. Taylor
0%
Novel 2020 The Ghost Machine James Lovegrove
0%
Essay 2007 The Good Book Eric Greene
0%
Essay 2004 The Heirs of Sawney Beane Lawrence Watt-Evans
0%
Comic Short 2008 The Other Half Dark Horse Comics
0%
Essay 2004 The Reward, the Details, the Devils, the Due Larry Dixon
0%
Essay 2004 The Rise and Fall (and Rise) of Firefly Glenn Yeffeth
0%
Companion Book 2018 The Serenity Handbook: The Official Crewmember's Guide to the Firefly-Class Series 3 Ship Titan
0%
Essay 2004 The Train Job Didn't Do the Job Keith R. A. DeCandido
0%
Essay 2007 The Virtual 'Verse Corey Bridges
0%
Comic Short 2016 The Warrior and the Wind Dark Horse Comics
0%
Essay 2004 We're All Just Floating in Space Lyle Zynda
0%
Short Story 2010 What Holds Us Down Jane Espenson
0%
Essay 2004 Who Killed Firefly? Ginjer Buchanan
0%
Essay 2004 Whores and Goddesses Joy Davidson
0%
No matching quizzes found
Score Distribution
Percent of People with Each Score
Percentile by Number Answered
Your Score History
You have not taken this quiz